[Event "DLM 2007"]
[Site "Verden/Aller GER"]
[Date "2007.09.30"]
[Round "3"]
[White "Hirneise, Tobias"]
[Black "Hoffmann, Udo"]
[Result "1/2-1/2"]
[Termination "normal"]
[Board "1.1"]
[WhiteElo "2293"]
[BlackElo "2218"]
[WhiteTeam "Württemberg"]
[BlackTeam "Nordrhein-Westfalen"]
[PlyCount "27"]
[WhiteFideId "24600881"]
[BlackFideId "24605735"]
[EventCountry "GER"]
[EventRounds "7"]
[EventType "team-swiss"]
[EventDate "2007.09.28"]

1. e4 c6 2. d4 d5 3. exd5 cxd5 4. c4 Nf6 5. Nc3 g6 6. cxd5 Bg7 7. Qb3 O-O 8.
Bc4 Nbd7 9. Nge2 Nb6 10. O-O Bf5 11. Ng3 Bc2 12. Qxc2 Nxc4 13. Qb3 Nb6 14. Bg5
1/2-1/2

[Event "DLM 2007"]
[Site "Verden/Aller GER"]
[Date "2007.09.30"]
[Round "3"]
[White "Hirneise, Jens"]
[Black "Tkachuk, Konstantyn"]
[Result "1/2-1/2"]
[Termination "normal"]
[Board "1.3"]
[WhiteElo "2090"]
[BlackElo "2141"]
[WhiteTeam "Württemberg"]
[BlackTeam "Nordrhein-Westfalen"]
[PlyCount "108"]
[WhiteFideId "24614734"]
[BlackFideId "24647330"]
[EventCountry "GER"]
[EventRounds "7"]
[EventType "team-swiss"]
[EventDate "2007.09.28"]

1. e4 c5 2. Nf3 d6 3. d4 cxd4 4. Nxd4 Nf6 5. Nc3 g6 6. Be3 Bg7 7. f3 Nc6 8. Qd2
O-O 9. Bc4 Bd7 10. O-O-O Rc8 11. Bb3 Ne5 12. Kb1 Nc4 13. Bxc4 Rxc4 14. g4 b5
15. b3 Rc8 16. Ndxb5 a6 17. Nd4 Qc7 18. Nde2 Be6 19. h4 Nxg4 20. fxg4 Bxc3 21.
Nxc3 Qxc3 22. Rhg1 Qxd2 23. Bxd2 f6 24. c4 Kf7 25. Kb2 h5 26. g5 Bg4 27. Rde1
Ke6 28. Rgf1 Bh3 29. Rf3 Bg4 30. Rff1 Bh3 31. Rf2 fxg5 32. Rxf8 Rxf8 33. Bxg5
Rf2+ 34. Ka3 Rc2 35. Ra1 Bg2 36. Kb4 Bxe4 37. Ka5 d5 38. cxd5+ Kxd5 39. Bxe7
Bd3 40. b4 Rc3 41. a4 Kc6 42. Rd1 Kb7 43. Rd2 Bf5 44. Rd6 Bd3 45. Bf6 Rc6 46.
Rd7+ Kc8 47. Rf7 Re6 48. b5 axb5 49. axb5 Bc4 50. Rf8+ Kb7 51. Kb4 Ba2 52. Kc5
Re2 53. Rd8 Rc2+ 54. Kb4 Rc8 1/2-1/2

[Event "DLM 2007"]
[Site "Verden/Aller GER"]
[Date "2007.09.30"]
[Round "3"]
[White "Kotainy, Jens"]
[Black "Zikeli, Saskia"]
[Result "0-1"]
[Termination "normal"]
[Board "1.4"]
[WhiteElo "2032"]
[BlackElo "2091"]
[WhiteTeam "Nordrhein-Westfalen"]
[BlackTeam "Württemberg"]
[PlyCount "138"]
[WhiteFideId "24670499"]
[BlackFideId "24601543"]
[EventCountry "GER"]
[EventRounds "7"]
[EventType "team-swiss"]
[EventDate "2007.09.28"]

1. b4 e5 2. Bb2 Bxb4 3. Bxe5 Nf6 4. Nf3 Nc6 5. Bb2 d5 6. e3 O-O 7. Be2 h6 8.
O-O Be6 9. d3 Qe7 10. Nbd2 Bc5 11. d4 Ba3 12. Rb1 Bxb2 13. Rxb2 Na5 14. Ne5 Nd7
15. Nxd7 Qxd7 16. Bd3 b6 17. Qe2 Bg4 18. f3 Bf5 19. Bxf5 Qxf5 20. e4 Rfe8 21.
Qd3 Qe6 22. e5 Nc4 23. Nxc4 dxc4 24. Qe4 c5 25. c3 cxd4 26. cxd4 Red8 27. Rc1
Rac8 28. Rb4 Rc7 29. Rc3 a6 30. a4 a5 31. Rb2 Qd7 32. Rxb6 Qxa4 33. Qe3 Qd1+
34. Kf2 Qxd4 35. Qxd4 Rxd4 36. Rb5 Rd2+ 37. Kg3 Ra2 38. Rb8+ Kh7 39. Ra8 Rc5
40. f4 Rb2 41. Rc1 c3 42. Kf3 Rd2 43. Rb8 c2 44. Rb2 Rc3+ 45. Ke4 Rxg2 46. h4
Rd2 47. Ra2 Rc5 48. Ke3 Rh2 49. Kd4 Rc7 50. h5 Kg8 51. Rxa5 Rxh5 52. Ra2 Rh2
53. Kd3 g6 54. Rb2 h5 55. Ke4 Kg7 56. Ra2 h4 57. Raa1 Kh6 58. Rf1 Kh5 59. Rac1
h3 60. Kd3 Kg4 61. Kd4 Rg2 62. Ke4 h2 63. Kd4 Kh3 64. Rh1 Rd2+ 65. Ke3 Rd1 66.
Rcxd1 cxd1=Q 67. Rxd1 Rc2 68. Kf3 Rg2 69. Rd8 Rg3+ 0-1

[Event "DLM 2007"]
[Site "Verden/Aller GER"]
[Date "2007.09.30"]
[Round "3"]
[White "Braun, Georg"]
[Black "Blübaum, Johanna"]
[Result "1-0"]
[Termination "normal"]
[Board "1.5"]
[WhiteElo "1887"]
[BlackElo "1946"]
[WhiteTeam "Württemberg"]
[BlackTeam "Nordrhein-Westfalen"]
[PlyCount "85"]
[WhiteFideId "24629383"]
[BlackFideId "24647373"]
[EventCountry "GER"]
[EventRounds "7"]
[EventType "team-swiss"]
[EventDate "2007.09.28"]

1. e4 e6 2. b3 d5 3. Bb2 Nf6 4. Nc3 d4 5. Nce2 c5 6. d3 Nc6 7. g3 Ne5 8. h3
Qa5+ 9. Qd2 Qxd2+ 10. Kxd2 Nc6 11. f4 e5 12. c3 dxc3+ 13. Bxc3 Bd6 14. Nf3 Nd7
15. h4 h5 16. Bh3 Nd4 17. Bxd4 exd4 18. b4 b6 19. bxc5 bxc5 20. Nc1 a5 21. Rb1
Ba6 22. Ng5 Rf8 23. e5 Be7 24. Ne4 Rb8 25. Nb3 Rb5 26. a4 Rb7 27. Rhe1 Kd8 28.
Bxd7 Rxd7 29. Nbxc5 Ra7 30. Rec1 Bc8 31. Rb8 Rc7 32. Nd6 Rc6 33. Rxc8+ Rxc8 34.
Nxc8 Kxc8 35. Ne6+ Kd7 36. Nxf8+ Bxf8 37. Rc4 Bb4+ 38. Ke2 Bc3 39. Kf3 g6 40.
Ke4 Be1 41. Rxd4+ Kc6 42. Kf3 Kc5 43. Re4 1-0

[Event "DLM 2007"]
[Site "Verden/Aller GER"]
[Date "2007.09.30"]
[Round "3"]
[White "Neumair, Jerome"]
[Black "Mijatovic, Andrea"]
[Result "1-0"]
[Termination "normal"]
[Board "1.6"]
[WhiteElo "1909"]
[BlackElo "1844"]
[WhiteTeam "Nordrhein-Westfalen"]
[BlackTeam "Württemberg"]
[PlyCount "105"]
[WhiteFideId "24672637"]
[BlackFideId "14514524"]
[EventCountry "GER"]
[EventRounds "7"]
[EventType "team-swiss"]
[EventDate "2007.09.28"]

1. c4 e6 2. Nc3 d5 3. cxd5 exd5 4. d4 c6 5. Qc2 Nf6 6. Bg5 Be7 7. Nf3 Nbd7 8.
e3 O-O 9. Bd3 Re8 10. O-O Nf8 11. Rab1 a5 12. a3 Bd7 13. b4 axb4 14. axb4 h6
15. Bxf6 Bxf6 16. b5 Ne6 17. bxc6 bxc6 18. Na4 Qc7 19. Nb6 Rab8 20. Nxd7 Qxd7
21. Rfc1 Rxb1 22. Qxb1 Rc8 23. Bf5 Qa7 24. Qb3 Qc7 25. Ne1 Be7 26. Nd3 Bd6 27.
g3 Rb8 28. Qa4 Rb6 29. Bh3 Qb7 30. Qc2 Kf8 31. Bxe6 fxe6 32. Kg2 Kf7 33. h4 Kf6
34. Rg1 Qc7 35. Nf4 Qf7 36. Nd3 e5 37. dxe5+ Bxe5 38. Nxe5 Kxe5 39. Qc5 Qb7 40.
Rc1 Ke6 41. e4 Ke5 42. f4+ Ke6 43. e5 Kf7 44. f5 Ra6 45. Kh3 Qe7 46. Qe3 Ra3
47. Qe2 c5 48. Rb1 Qc7 49. Qh5+ Kf8 50. Qe2 d4 51. Qe4 Ra7 52. Qd5 Qe7 53. Rb8+
1-0

[Event "DLM 2007"]
[Site "Verden/Aller GER"]
[Date "2007.09.30"]
[Round "3"]
[White "Rozenfeld, Elisabeth"]
[Black "Schäfer, Daniela"]
[Result "1-0"]
[Termination "normal"]
[Board "1.8"]
[WhiteElo "1491"]
[BlackElo "1569"]
[WhiteTeam "Nordrhein-Westfalen"]
[BlackTeam "Württemberg"]
[PlyCount "59"]
[WhiteFideId "4624742"]
[BlackFideId "4624769"]
[EventCountry "GER"]
[EventRounds "7"]
[EventType "team-swiss"]
[EventDate "2007.09.28"]

1. e4 g6 2. d4 Bg7 3. Nc3 d6 4. Be3 Nf6 5. f3 O-O 6. Qd2 e5 7. Nge2 Nbd7 8.
O-O-O Qe7 9. Bh6 c6 10. h4 Nh5 11. g4 Nf4 12. Bxg7 Nxe2+ 13. Bxe2 Kxg7 14. g5
f6 15. h5 fxg5 16. hxg6 Kxg6 17. Rdg1 h6 18. Nd1 Nf6 19. Ne3 Ng8 20. Bc4 Bd7
21. Bxg8 Rxg8 22. Nf5 Bxf5 23. exf5+ Kg7 24. dxe5 dxe5 25. f4 exf4 26. Re1 Qd8
27. Qc3+ Kf7 28. Rxh6 Rh8 29. Qb3+ Kg7 30. Qxb7+ 1-0

[Event "DLM 2007"]
[Site "Verden/Aller GER"]
[Date "2007.09.30"]
[Round "3"]
[White "Nüsken, Nikolas"]
[Black "Ollenberger, Roland"]
[Result "1/2-1/2"]
[Termination "normal"]
[Board "2.1"]
[WhiteElo "2350"]
[BlackElo "2129"]
[WhiteTeam "Niedersachsen I"]
[BlackTeam "Rheinland-Pfalz"]
[PlyCount "131"]
[WhiteFideId "24605891"]
[BlackFideId "24608440"]
[EventCountry "GER"]
[EventRounds "7"]
[EventType "team-swiss"]
[EventDate "2007.09.28"]

1. e4 d6 2. d4 Nf6 3. Nc3 g6 4. Be3 Bg7 5. Qd2 O-O 6. f3 e5 7. d5 Ne8 8. O-O-O
Na6 9. Nge2 c5 10. dxc6 bxc6 11. Kb1 Qe7 12. Nc1 Nac7 13. Nb3 Ne6 14. h4 f5 15.
Bc4 f4 16. Bf2 Kh8 17. Na5 Bd7 18. Bxe6 Qxe6 19. Nb7 Rf6 20. Nc5 Qe7 21. Nxd7
Qxd7 22. Na4 Qc7 23. c4 c5 24. Nc3 Qb7 25. Nd5 Rf7 26. Qa5 Rb8 27. b3 Bf6 28.
Qa4 Qd7 29. Qa6 Qb7 30. Qa4 Qd7 31. Qxd7 Rxd7 32. Kc2 Bd8 33. Nc3 Rdb7 34. Nb5
Be7 35. g3 fxg3 36. Bxg3 a6 37. Nc3 Nf6 38. Bf2 Nh5 39. Nd5 Bf8 40. Be3 Rf7 41.
Rh3 Bg7 42. Kd3 Kg8 43. Ke2 Bf8 44. Bg5 h6 45. Bd2 Rbb7 46. Rg1 Kh7 47. Rh2 Rg7
48. Rhg2 Be7 49. Rh2 Bd8 50. Bc3 Rgf7 51. Bd2 Rf8 52. Rhg2 Rg7 53. Rh1 Rgf7 54.
Rh3 Kg7 55. Rg4 Kh7 56. Rg1 Rb7 57. Rh2 Rbf7 58. Rh3 Rb7 59. Rb1 Bf6 60. Ba5
Rc8 61. Rh2 Kg7 62. Rd1 Rc6 63. Ke3 Rd7 64. Rg1 Kh7 65. Rhg2 Rg7 66. Rg4
1/2-1/2

[Event "DLM 2007"]
[Site "Verden/Aller GER"]
[Date "2007.09.30"]
[Round "3"]
[White "Dann, Matthias"]
[Black "Lubbe, Nikolas"]
[Result "1/2-1/2"]
[Termination "normal"]
[Board "2.2"]
[WhiteElo "2109"]
[BlackElo "2263"]
[WhiteTeam "Rheinland-Pfalz"]
[BlackTeam "Niedersachsen I"]
[PlyCount "80"]
[WhiteFideId "24638056"]
[BlackFideId "4694031"]
[EventCountry "GER"]
[EventRounds "7"]
[EventType "team-swiss"]
[EventDate "2007.09.28"]

1. e4 c5 2. Nf3 d6 3. d4 cxd4 4. Nxd4 Nf6 5. Nc3 Nc6 6. Be3 e6 7. Bc4 a6 8. f3
Be7 9. Qd2 Bd7 10. g4 b5 11. Bb3 Rb8 12. g5 Nh5 13. Nce2 Ne5 14. Ng3 Nxg3 15.
hxg3 Nc4 16. Bxc4 bxc4 17. c3 Qc7 18. Kf2 Qb7 19. Rab1 e5 20. Nf5 Bxf5 21. exf5
d5 22. b3 O-O 23. f6 d4 24. fxe7 dxe3+ 25. Qxe3 Qxe7 26. Qe4 g6 27. Qh4 f6 28.
Qxc4+ Kh8 29. Rbe1 fxg5 30. Qe4 g4 31. Qxg4 Qc5+ 32. Re3 Rbd8 33. Rhe1 Rf5 34.
Qc4 Qb6 35. R1e2 Rdf8 36. Kg2 Qf6 37. Qd5 h5 38. Rxe5 Rxf3 39. Qd4 Kg8 40. Re7
Rxc3 1/2-1/2

[Event "DLM 2007"]
[Site "Verden/Aller GER"]
[Date "2007.09.30"]
[Round "3"]
[White "Kaphle, Stephan"]
[Black "Gölz, Daniel"]
[Result "1-0"]
[Termination "normal"]
[Board "2.3"]
[WhiteElo "2156"]
[BlackElo "1974"]
[WhiteTeam "Niedersachsen I"]
[BlackTeam "Rheinland-Pfalz"]
[PlyCount "109"]
[WhiteFideId "24629103"]
[BlackFideId "24626325"]
[EventCountry "GER"]
[EventRounds "7"]
[EventType "team-swiss"]
[EventDate "2007.09.28"]

1. e4 c5 2. Nf3 e6 3. d4 cxd4 4. Nxd4 Nc6 5. Nc3 a6 6. Be3 Qc7 7. Bd3 Nf6 8.
O-O Bd6 9. f4 Bc5 10. Nf5 Bxe3+ 11. Nxe3 d6 12. Ng4 Qb6+ 13. Kh1 Qxb2 14. Nxf6+
gxf6 15. Qe1 Nb4 16. e5 fxe5 17. fxe5 d5 18. Rb1 Nxd3 19. Qd2 Qa3 20. Qxd3 Qe7
21. a4 Qc7 22. Qe3 Bd7 23. Ne2 Bxa4 24. Nd4 O-O-O 25. Rb4 Be8 26. Rfb1 b5 27.
Qa3 Qb6 28. Nb3 Rg8 29. Na5 Bc6 30. Qc3 Kd7 31. Rf4 Rg7 32. Rbf1 Rf8 33. Nb3
Ke8 34. Nd4 Bd7 35. Qf3 Ke7 36. c3 a5 37. Rf6 Qc5 38. Qh3 b4 39. Qh4 Ke8 40.
cxb4 Qxb4 41. R6f4 Qb8 42. Qe1 a4 43. Qa1 Qxe5 44. Qa3 Qg5 45. R4f2 f5 46. Re1
Re7 47. Qd6 Qf6 48. Nf3 e5 49. Qb8+ Kf7 50. Nxe5+ Kg7 51. Qb2 Rfe8 52. Rfe2 Be6
53. Qa3 Bf7 54. h3 Kh8 55. Nxf7+ 1-0

[Event "DLM 2007"]
[Site "Verden/Aller GER"]
[Date "2007.09.30"]
[Round "3"]
[White "Endress, Anna"]
[Black "Seemann, Semjon"]
[Result "0-1"]
[Termination "normal"]
[Board "2.4"]
[WhiteElo "1967"]
[BlackElo "2010"]
[WhiteTeam "Rheinland-Pfalz"]
[BlackTeam "Niedersachsen I"]
[PlyCount "58"]
[WhiteFideId "24629472"]
[BlackFideId "24624080"]
[EventCountry "GER"]
[EventRounds "7"]
[EventType "team-swiss"]
[EventDate "2007.09.28"]

1. e4 c5 2. Nc3 Nc6 3. g3 g6 4. Bg2 Bg7 5. d3 Rb8 6. Be3 d6 7. Qd2 b5 8. Nge2
b4 9. Nd1 Nd4 10. O-O e5 11. c3 bxc3 12. bxc3 Nxe2+ 13. Qxe2 Ne7 14. Nb2 O-O
15. Nc4 Ba6 16. Qd2 f5 17. exf5 gxf5 18. Nb2 f4 19. gxf4 exf4 20. Bxf4 Rxb2 21.
Qxb2 Rxf4 22. Rfd1 Ng6 23. Qb3+ Kh8 24. Rab1 Qh4 25. Rb2 Be5 26. Qe6 Rf8 27.
Qh3 Qg5 28. Kh1 Bc8 29. Qe3 Qh5 0-1

[Event "DLM 2007"]
[Site "Verden/Aller GER"]
[Date "2007.09.30"]
[Round "3"]
[White "Kaphle, Sebastian"]
[Black "Grünter, Martin"]
[Result "1/2-1/2"]
[Termination "normal"]
[Board "2.5"]
[WhiteElo "2041"]
[BlackElo "1952"]
[WhiteTeam "Niedersachsen I"]
[BlackTeam "Rheinland-Pfalz"]
[PlyCount "120"]
[WhiteFideId "24626708"]
[BlackFideId "24640352"]
[EventCountry "GER"]
[EventRounds "7"]
[EventType "team-swiss"]
[EventDate "2007.09.28"]

1. e4 c5 2. Nf3 d6 3. d4 cxd4 4. Nxd4 Nf6 5. Nc3 a6 6. Be3 e5 7. Nf3 Be7 8. Bc4
O-O 9. O-O Nc6 10. Re1 Na5 11. Bf1 b5 12. Bg5 Be6 13. Bxf6 Bxf6 14. Nd5 Bxd5
15. Qxd5 Qc7 16. c3 Nc4 17. Bxc4 bxc4 18. Red1 Be7 19. Nd2 Rfc8 20. Nf1 Rab8
21. Rab1 Rb5 22. Qd2 Qb7 23. f3 Rb8 24. Qe2 Rxb2 25. Rxb2 Qxb2 26. Qxc4 Qb6+
27. Kh1 Qf2 28. Rd2 Qe1 29. Qe2 Qxe2 30. Rxe2 Rb1 31. Kg1 d5 32. g3 Bc5+ 33.
Kg2 d4 34. cxd4 Bxd4 35. f4 Rb2 36. Rxb2 Bxb2 37. f5 Kf8 38. Kf3 Ke7 39. Ke3
Bc1+ 40. Kd3 Kd6 41. Kc4 Kc6 42. h3 f6 43. Nh2 Bd2 44. Nf3 Ba5 45. g4 Kd6 46.
Ng1 Kc6 47. Ne2 Bd2 48. Ng1 Kd6 49. Nf3 Ba5 50. h4 Kc6 51. g5 Bd8 52. g6 h5 53.
Ne1 Be7 54. Nd3 a5 55. a4 Bd6 56. Kc3 Be7 57. Kd2 Bd6 58. Ke2 Be7 59. Kd2 Bc5
60. Ke2 Bf8 1/2-1/2

[Event "DLM 2007"]
[Site "Verden/Aller GER"]
[Date "2007.09.30"]
[Round "3"]
[White "Babayev, Ramil"]
[Black "Günnigmann, Laura"]
[Result "1-0"]
[Termination "normal"]
[Board "2.6"]
[WhiteElo "1875"]
[BlackElo "1735"]
[WhiteTeam "Rheinland-Pfalz"]
[BlackTeam "Niedersachsen I"]
[PlyCount "161"]
[WhiteFideId "24664243"]
[EventCountry "GER"]
[EventRounds "7"]
[EventType "team-swiss"]
[EventDate "2007.09.28"]

1. e4 c5 2. Nf3 Nc6 3. d4 cxd4 4. Nxd4 Nf6 5. Nc3 e5 6. Ndb5 d6 7. Bg5 a6 8.
Bxf6 gxf6 9. Na3 b5 10. Nd5 Bg7 11. c3 O-O 12. Nc2 f5 13. exf5 Bxf5 14. Nce3
Be6 15. g4 Qh4 16. Bg2 f5 17. gxf5 Bxf5 18. Qd2 Rab8 19. Nxf5 Rxf5 20. Ne3 Ne7
21. Nxf5 Nxf5 22. Qd5+ Kh8 23. Qe4 Qg5 24. h4 Qf6 25. Rh3 Bh6 26. Bf1 Qf7 27.
Bd3 Ne7 28. h5 Rf8 29. Rf3 Bf4 30. Rxf4 exf4 31. O-O-O d5 32. Qe5+ Qf6 33. Re1
Qxe5 34. Rxe5 Rf7 35. h6 Kg8 36. Bc2 Kf8 37. Rh5 Kg8 38. Bb3 Rf6 39. Re5 Kf8
40. Bxd5 Nxd5 41. Rxd5 Kf7 42. Rd7+ Kg6 43. Rg7+ Kxh6 44. Rg4 Kh5 45. f3 Rg6
46. Rxf4 Rg1+ 47. Kc2 Kg5 48. Rf8 Rf1 49. Rg8+ Kf4 50. Rg4+ Kxf3 51. Rh4 Ke3
52. Rxh7 Rf6 53. Re7+ Kf4 54. Kb3 Rd6 55. a4 Rb6 56. a5 Rc6 57. Rb7 Ke5 58. Rb6
Kd5 59. Rb8 Kd6 60. Rd8+ Kc7 61. Rd4 Kb7 62. Rf4 Rc7 63. Kb4 Rc6 64. Rf7+ Kb8
65. b3 Ka8 66. Rf5 Kb7 67. Rc5 Rg6 68. Re5 Rc6 69. Re7+ Kb8 70. Re3 Kb7 71. Ka3
Kb8 72. Kb2 Kb7 73. Re4 Rd6 74. Kc2 Kc7 75. Rd4 Rc6 76. Kd3 Kb7 77. Rd5 Kb8 78.
Kd4 Kb7 79. c4 bxc4 80. bxc4 Kb8 81. Re5 1-0

[Event "DLM 2007"]
[Site "Verden/Aller GER"]
[Date "2007.09.30"]
[Round "3"]
[White "Düssler, Stefanie"]
[Black "Voss, Janine"]
[Result "0-1"]
[Termination "normal"]
[Board "2.7"]
[WhiteElo "1493"]
[BlackElo "1740"]
[WhiteTeam "Niedersachsen I"]
[BlackTeam "Rheinland-Pfalz"]
[PlyCount "122"]
[WhiteFideId "4634780"]
[BlackFideId "24677329"]
[EventCountry "GER"]
[EventRounds "7"]
[EventType "team-swiss"]
[EventDate "2007.09.28"]

1. e4 c5 2. Nf3 d6 3. d4 cxd4 4. Nxd4 Nf6 5. Nc3 g6 6. Be3 Bg7 7. f3 Nc6 8. Qd2
O-O 9. Bc4 Bd7 10. O-O-O Rc8 11. Bb3 a6 12. g4 Na5 13. h4 h5 14. gxh5 Nxh5 15.
Bh6 Nc4 16. Bxc4 Rxc4 17. Bxg7 Kxg7 18. Rhg1 b5 19. Qg5 Rh8 20. Nf5+ Bxf5 21.
Qxf5 Qc8 22. Qxc8 Rhxc8 23. Rd2 Nf6 24. Kb1 R8c5 25. Rg5 b4 26. Nd5 Nxd5 27.
Rgxd5 Kf6 28. Kc1 Ke6 29. Rxc5 Rxc5 30. Rh2 Rh5 31. Kd2 g5 32. Kd3 gxh4 33. Kc4
a5 34. c3 bxc3 35. Kxc3 Ke5 36. a3 Kf4 37. Rh3 Ke3 38. b4 Kf2 39. Rh1 Kg2 40.
Rd1 h3 41. Kc4 axb4 42. axb4 h2 43. b5 h1=Q 44. Rxh1 Rxh1 45. Kd5 Rb1 46. Kc6
Kxf3 47. b6 Kxe4 48. Kc7 f5 49. b7 f4 50. b8=Q Rxb8 51. Kxb8 f3 52. Kc7 f2 53.
Kd7 f1=Q 54. Kxe7 Qf5 55. Kxd6 Qe5+ 56. Kc6 Qd5+ 57. Kb6 Kd4 58. Kc7 Kc5 59.
Kb8 Kc6 60. Ka8 Qd7 61. Kb8 Qb7# 0-1

[Event "DLM 2007"]
[Site "Verden/Aller GER"]
[Date "2007.09.30"]
[Round "3"]
[White "Eimer, Christina"]
[Black "Rethmann, Kristin"]
[Result "0-1"]
[Termination "normal"]
[Board "2.8"]
[WhiteElo "1077"]
[BlackElo "1363"]
[WhiteTeam "Rheinland-Pfalz"]
[BlackTeam "Niedersachsen I"]
[PlyCount "68"]
[WhiteFideId "24655767"]
[BlackFideId "24655805"]
[EventCountry "GER"]
[EventRounds "7"]
[EventType "team-swiss"]
[EventDate "2007.09.28"]

1. e4 d5 2. exd5 Qxd5 3. Nc3 Qa5 4. d3 Nf6 5. Bd2 c6 6. Nf3 Bf5 7. Be2 e6 8.
O-O Bd6 9. Re1 Nbd7 10. a3 Qc7 11. Nd4 O-O-O 12. Nf3 h6 13. Be3 Kb8 14. b4 g5
15. g3 Nd5 16. Qd2 f6 17. Nxd5 exd5 18. a4 h5 19. b5 c5 20. a5 d4 21. Bxd4 cxd4
22. Nxd4 Bh3 23. c4 Be5 24. Qe3 Nf8 25. Ra2 Bxd4 26. Qd2 h4 27. g4 Be5 28. Bf3
Bxh2+ 29. Kh1 Bf4 30. Qb2 Qd6 31. Rd1 Qd4 32. Qc2 Be5 33. Qb1 Qf4 34. Re1 Qh2#
0-1

[Event "DLM 2007"]
[Site "Verden/Aller GER"]
[Date "2007.09.30"]
[Round "3"]
[White "Kaczmarczyk, Dennis"]
[Black "Friedrich, Paul-Robert"]
[Result "1-0"]
[Termination "normal"]
[Board "3.1"]
[WhiteElo "2135"]
[BlackElo "2060"]
[WhiteTeam "Baden"]
[BlackTeam "Mecklenburg-Vorpommern"]
[PlyCount "65"]
[WhiteFideId "24608297"]
[BlackFideId "24616036"]
[EventCountry "GER"]
[EventRounds "7"]
[EventType "team-swiss"]
[EventDate "2007.09.28"]

1. d4 d6 2. e4 Nf6 3. Nc3 g6 4. f3 c6 5. Be3 b5 6. Qd2 Nbd7 7. O-O-O Qa5 8. g4
Nb6 9. a3 Bg7 10. d5 b4 11. Nb1 c5 12. axb4 cxb4 13. Bd4 Bd7 14. h4 h6 15. Rh2
Kf8 16. g5 hxg5 17. hxg5 Rxh2 18. Qxh2 Nh5 19. Ne2 Rc8 20. Bh3 Nc4 21. b3 Na3
22. Bxg7+ Kxg7 23. Nd4 Bxh3 24. Qxh3 Qc5 25. Rd2 Nxb1 26. Kxb1 Qc3 27. Nc6 Rc7
28. Qg2 a5 29. Qf2 e5 30. Rd3 Qc5 31. Qxc5 dxc5 32. d6 Rd7 33. Nxe5 1-0

[Event "DLM 2007"]
[Site "Verden/Aller GER"]
[Date "2007.09.30"]
[Round "3"]
[White "Rittemann, Steffen"]
[Black "Hirschberg, Valerian"]
[Result "1-0"]
[Termination "normal"]
[Board "3.2"]
[WhiteElo "2072"]
[BlackElo "2026"]
[WhiteTeam "Mecklenburg-Vorpommern"]
[BlackTeam "Baden"]
[PlyCount "71"]
[WhiteFideId "24620009"]
[BlackFideId "24628492"]
[EventCountry "GER"]
[EventRounds "7"]
[EventType "team-swiss"]
[EventDate "2007.09.28"]

1. c4 c5 2. Nc3 Nf6 3. Nf3 d5 4. cxd5 Nxd5 5. g3 Nc6 6. Bg2 Nc7 7. O-O e5 8. d3
Be7 9. Be3 Bd7 10. a3 O-O 11. Rb1 Rb8 12. Ne4 b6 13. b4 cxb4 14. axb4 Bxb4 15.
Nxe5 Nxe5 16. Rxb4 Nd5 17. Rd4 Nxe3 18. fxe3 Qe7 19. Qa1 a5 20. h3 f5 21. Nc3
Nc6 22. Nd5 Qg5 23. Rdf4 Rfe8 24. Kh2 b5 25. e4 b4 26. exf5 Rxe2 27. Rg4 Qh6
28. Nf6+ Kh8 29. Nxd7 b3 30. Nxb8 Ne5 31. Rd4 Qb6 32. Nd7 Qc6 33. Re4 b2 34.
Qxa5 Rxg2+ 35. Kxg2 Nf7 36. Qb4 1-0

[Event "DLM 2007"]
[Site "Verden/Aller GER"]
[Date "2007.09.30"]
[Round "3"]
[White "Petermann, Michail"]
[Black "Stemmler, Lysan"]
[Result "1/2-1/2"]
[Termination "normal"]
[Board "3.3"]
[WhiteElo "2006"]
[BlackElo "1832"]
[WhiteTeam "Baden"]
[BlackTeam "Mecklenburg-Vorpommern"]
[PlyCount "95"]
[WhiteFideId "24643530"]
[BlackFideId "24622451"]
[EventCountry "GER"]
[EventRounds "7"]
[EventType "team-swiss"]
[EventDate "2007.09.28"]

1. e4 d6 2. d4 Nf6 3. Nc3 g6 4. f3 c6 5. Be3 Nbd7 6. Qd2 b5 7. Bh6 Bxh6 8. Qxh6
Qa5 9. Qd2 O-O 10. g4 Nb6 11. h4 h5 12. gxh5 Nxh5 13. Nh3 Bxh3 14. Rxh3 Nc4 15.
Bxc4 bxc4 16. Ne2 Qb5 17. b3 cxb3 18. axb3 a5 19. Ra4 c5 20. d5 Rfc8 21. Ng3
Qd7 22. Nf5 Ng7 23. Nh6+ Kh7 24. Rg3 e6 25. Qg5 Nh5 26. Ng4 Qd8 27. Qh6+ Kg8
28. dxe6 Nxg3 29. exf7+ Kxf7 30. Qf4+ Nf5 31. Nh6+ Kg7 32. exf5 Qf6 33. Qg5
Qxg5 34. hxg5 gxf5 35. Nxf5+ Kg6 36. Ne7+ Kxg5 37. Nxc8 Rxc8 38. Rxa5 Kf4 39.
Kf2 Rh8 40. Ra4+ Ke5 41. Ke3 Kd5 42. c4+ Ke6 43. Ra7 Rb8 44. Ra3 Kf5 45. f4 Rb7
46. Kf3 Rb8 47. Ke3 Rb7 48. Kf3 1/2-1/2

[Event "DLM 2007"]
[Site "Verden/Aller GER"]
[Date "2007.09.30"]
[Round "3"]
[White "Hingst, Silke"]
[Black "Sarchisov, Slavik"]
[Result "0-1"]
[Termination "normal"]
[Board "3.4"]
[WhiteElo "1552"]
[BlackElo "1842"]
[WhiteTeam "Mecklenburg-Vorpommern"]
[BlackTeam "Baden"]
[PlyCount "116"]
[WhiteFideId "4624564"]
[BlackFideId "24647888"]
[EventCountry "GER"]
[EventRounds "7"]
[EventType "team-swiss"]
[EventDate "2007.09.28"]

1. e4 d6 2. f4 Nf6 3. Nc3 g6 4. Bc4 c6 5. Bb3 Bg7 6. Nf3 O-O 7. O-O Nbd7 8. f5
Nc5 9. fxg6 hxg6 10. Qe1 e5 11. d3 Nh7 12. Qg3 Nxb3 13. axb3 Qd7 14. h3 Qe6 15.
Nd1 f5 16. Nh4 f4 17. Qe1 Qf7 18. Nf3 Bf6 19. Nf2 Ng5 20. Qe2 Nxf3+ 21. gxf3
Qh7 22. Kg2 Qh4 23. Rg1 Kg7 24. Kh2 Rh8 25. Qf1 Bd8 26. Qg2 Qh5 27. Ng4 Bh4 28.
Rh1 Be6 29. Bd2 Bf6 30. d4 a6 31. dxe5 Bxe5 32. Bc3 Bxg4 33. Bxe5+ dxe5 34.
Qxg4 Qxg4 35. fxg4 Rad8 36. Rad1 Kf7 37. Kg2 Ke7 38. Rhf1 Ke6 39. Rxd8 Rxd8 40.
Rf2 Rd1 41. Re2 b5 42. Kf3 Rb1 43. c3 Rd1 44. Kg2 Rd3 45. Kh2 b4 46. Rc2 Kd6
47. h4 Rg3 48. Rg2 bxc3 49. bxc3 Rxc3 50. h5 Rxb3 51. h6 g5 52. Ra2 Rb8 53.
Rxa6 Rh8 54. Ra7 Rxh6+ 55. Kg2 Rh4 56. Kf3 Rh3+ 57. Kg2 Rg3+ 58. Kf2 Rxg4 0-1

[Event "DLM 2007"]
[Site "Verden/Aller GER"]
[Date "2007.09.30"]
[Round "3"]
[White "Frey, Alisa"]
[Black "Stövesand, Eric"]
[Result "1-0"]
[Termination "normal"]
[Board "3.5"]
[WhiteElo "1920"]
[BlackElo "1411"]
[WhiteTeam "Baden"]
[BlackTeam "Mecklenburg-Vorpommern"]
[PlyCount "49"]
[WhiteFideId "24634662"]
[BlackFideId "24651117"]
[EventCountry "GER"]
[EventRounds "7"]
[EventType "team-swiss"]
[EventDate "2007.09.28"]

1. d4 d5 2. c4 c6 3. Nc3 Nf6 4. e3 e6 5. Qc2 Nbd7 6. Nf3 Bd6 7. b3 O-O 8. Bb2
e5 9. dxe5 Nxe5 10. O-O-O Nxf3 11. gxf3 Qa5 12. Rg1 Ba3 13. cxd5 Bf5 14. e4 Bg6
15. dxc6 Rac8 16. Bxa3 Qxa3+ 17. Qb2 Qc5 18. Kb1 Rxc6 19. Bc4 a6 20. Nd5 Nxd5
21. Bxd5 Rf6 22. Rg3 b5 23. h4 h5 24. f4 Rxf4 25. Rxg6 1-0

[Event "DLM 2007"]
[Site "Verden/Aller GER"]
[Date "2007.09.30"]
[Round "3"]
[White "Wolf, Christoph"]
[Black "Srokovskiy, Alexander"]
[Result "1/2-1/2"]
[Termination "normal"]
[Board "3.6"]
[WhiteElo "1451"]
[BlackElo "1779"]
[WhiteTeam "Mecklenburg-Vorpommern"]
[BlackTeam "Baden"]
[PlyCount "44"]
[WhiteFideId "24650633"]
[BlackFideId "24676330"]
[EventCountry "GER"]
[EventRounds "7"]
[EventType "team-swiss"]
[EventDate "2007.09.28"]

1. e4 d5 2. exd5 Qxd5 3. Nc3 Qa5 4. d4 Nf6 5. Nf3 Nc6 6. Bg5 Bg4 7. Bxf6 gxf6
8. Be2 O-O-O 9. Qd3 Bxf3 10. Qxf3 Nxd4 11. Qh3+ e6 12. O-O Nxe2+ 13. Nxe2 Rd2
14. Qe3 Qg5 15. Nf4 Rxc2 16. Qxa7 Qxf4 17. Rad1 Rd2 18. Qa8+ Kd7 19. Rxd2+ Qxd2
20. Qa4+ Ke7 21. Rd1 b5 22. Qb3 Qf4 1/2-1/2